| 000 | 01474cam a2200385 a 4500 | ||
|---|---|---|---|
| 001 | EDZ0000076949 | ||
| 003 | StDuBDS | ||
| 005 | 20161031105153.0 | ||
| 006 | m||||||||d|||||||| | ||
| 007 | cr ||||||||||| | ||
| 008 | 120418s2007 cau fo| 001|0|eng|d | ||
| 020 |
_a9781446214763 (ebook) : _cNo price |
||
| 040 |
_aStDuBDS _beng _cStDuBDS _epn |
||
| 049 | _aAlfaisal Main Library | ||
| 050 | 0 |
_aHV8195 _b.G75 2007 |
|
| 082 | 0 | 4 |
_a363.20941 _223 |
| 100 | 1 |
_aGrieve, John, _d1946- |
|
| 245 | 1 | 0 |
_aPolicing _h[electronic resource] / _cJohn Grieve, Clive Harfield, and Allyson MacVean. |
| 260 |
_aLos Angeles ; _aLondon : _bSAGE, _cc2007. |
||
| 300 | _a1 online resource (vi, 232 p.). | ||
| 490 | 1 | _aSAGE course companions | |
| 504 | _aIncludes bibliographical references and index. | ||
| 520 | 8 | _aThis course, developed for students of policing, identifies the core themes and additional source material, providing an essential overview for students and a reference point for use throughout their studies. | |
| 521 | _aSpecialized. | ||
| 588 | _aDescription based on print version record. | ||
| 650 | 0 |
_aPolice _zGreat Britain. |
|
| 655 | 7 |
_aElectronic books. _2local |
|
| 700 | 1 | _aHarfield, Clive. | |
| 700 | 1 | _aMacVean, Allyson. | |
| 710 | 2 | _aSage eBooks | |
| 776 | 0 | 8 |
_iPrint version : _z9781412935432 |
| 830 | 0 | _aSAGE course companions. | |
| 856 | 4 | 0 | _uhttp://ezproxy.alfaisal.edu/login?url=http://sk.sagepub.com/books/policing |
| 942 |
_2lcc _cEBOOKS |
||
| 999 |
_c480883 _d480883 |
||